Finale du Top 14 2021-22 : Castres - Montpellier - Statistiques

Statistiques générales
  • Ce quiz a été pris 155 fois
  • Le résultat moyen est 15 sur 48
Statistiques - réponses
Equipe Joueur % Correct
Castres Julien Dumora
78%
Castres Benjamin Urdapilleta
75%
Castres Gaëtan Barlot
67%
Castres Mathieu Babillot
67%
Castres Santiago Arata
63%
Castres Geoffrey Palis
54%
Castres Filipo Nakosi
52%
Montpellier Arthur Vincent
51%
Castres Vilimoni Botitu
51%
Montpellier Anthony Bouthier
49%
Castres Wilfrid Hounkpatin
47%
Montpellier Guilhem Guirado
45%
Castres Tom Staniforth
42%
Montpellier Mohamed Haouas
37%
Castres Thomas Combezou
37%
Castres Adrea Cocagi
36%
Montpellier Benoît Paillaugue
35%
Montpellier Paolo Garbisi
35%
Castres Quentin Walcker
35%
Montpellier Zach Mercer
34%
Castres Baptiste Delaporte
31%
Castres Levan Chilachava
31%
Montpellier Bastien Chalureau
30%
Castres Pierre-Henry Broncan
30%
Montpellier Vincent Rattez
30%
Montpellier Yacouba Camara
29%
Castres Jérémy Fernandez
28%
Castres Nick Champion de Crespigny
27%
Castres Florent Vanverberghe
26%
Montpellier Jan Serfontein
25%
Montpellier Philippe Saint-André
25%
Montpellier Alexandre Bécognée
23%
Montpellier Geoffrey Doumayrou
22%
Montpellier Florian Verhaeghe
20%
Montpellier Handré Pollard
20%
Montpellier Gabriel N'Gandebe
19%
Castres Teariki Ben-Nicholas
17%
Castres Loïc Jacquet
16%
Montpellier Brandon Paenga-Amosa
15%
Montpellier Nico Janse van Rensburg
13%
Castres Antoine Zeghdar
10%
Montpellier Gela Aprasidze
7%
Castres Paula Ngauamo
7%
Montpellier Titi Lamositele
7%
Castres Wayan de Benedittis
7%
Montpellier Henry Thomas
5%
Montpellier Mickaël Capelli
4%
Montpellier Robert Rodgers
3%
Aucun quiz correspondant
Distribution des résultats
% des personnes avec chaque résultat
Percentile par nombre de réponses
Votre historique - résultats
Vous n’avez pas pris ce quiz